<?xml version="1.0" encoding="UTF-8"?>
<record
    xmlns:xsi="http://www.w3.org/2001/XMLSchema-instance"
    xsi:schemaLocation="http://www.loc.gov/MARC21/slim http://www.loc.gov/standards/marcxml/schema/MARC21slim.xsd"
    xmlns="http://www.loc.gov/MARC21/slim">

  <leader>01575nac a22002531u 4500</leader>
  <controlfield tag="008">100721s1970    ua|||||r|||| 001 0 ara d</controlfield>
  <datafield tag="082" ind1=" " ind2=" ">
    <subfield code="a">249.243</subfield>
    <subfield code="b">&#x62D; &#x633; &#x646;</subfield>
    <subfield code="2">22</subfield>
  </datafield>
  <datafield tag="100" ind1=" " ind2=" ">
    <subfield code="a">&#x627;&#x644;&#x62D;&#x633;&#x646;&#x64A;&#x60C; &#x627;&#x644;&#x633;&#x64A;&#x62F; &#x639;&#x628;&#x62F; &#x627;&#x644;&#x631;&#x632;&#x627;&#x642;</subfield>
    <subfield code="9">16615</subfield>
  </datafield>
  <datafield tag="245" ind1=" " ind2=" ">
    <subfield code="a">&#x627;&#x644;&#x635;&#x627;&#x628;&#x626;&#x648;&#x646; :</subfield>
    <subfield code="b">&#x641;&#x64A; &#x62D;&#x627;&#x636;&#x631;&#x647;&#x645; &#x648;&#x645;&#x627;&#x636;&#x64A;&#x647;&#x645; /</subfield>
    <subfield code="c">&#x627;&#x644;&#x633;&#x64A;&#x62F; &#x639;&#x628;&#x62F; &#x627;&#x644;&#x631;&#x632;&#x627;&#x642; &#x627;&#x644;&#x62D;&#x633;&#x646;&#x64A;</subfield>
  </datafield>
  <datafield tag="250" ind1=" " ind2=" ">
    <subfield code="a">&#x637; &#x60C; 4</subfield>
    <subfield code="b">&#x645;&#x635;&#x62D;&#x62D;&#x629;&#x648;&#x645;&#x648;&#x633;&#x639;&#x629;</subfield>
  </datafield>
  <datafield tag="260" ind1=" " ind2=" ">
    <subfield code="a">&#x635;&#x64A;&#x62F;&#x627; :</subfield>
    <subfield code="b"> &#x60C;&#x645;&#x637;&#x628;&#x639;&#x629; &#x627;&#x644;&#x639;&#x631;&#x641;&#x627;&#x646;</subfield>
    <subfield code="c">1970.</subfield>
  </datafield>
  <datafield tag="300" ind1=" " ind2=" ">
    <subfield code="a">152 &#x635;&#x61B;</subfield>
    <subfield code="c">24 &#x633;&#x645;</subfield>
  </datafield>
  <datafield tag="500" ind1=" " ind2=" ">
    <subfield code="a">&#x64A;&#x62D;&#x62A;&#x648;&#x64A; &#x639;&#x644;&#x649; &#x643;&#x634;&#x627;&#x641;</subfield>
  </datafield>
  <datafield tag="511" ind1=" " ind2=" ">
    <subfield code="a">Catalogued by: Sara</subfield>
  </datafield>
  <datafield tag="520" ind1=" " ind2=" ">
    <subfield code="a">&#x62A;&#x628;&#x62D;&#x62B; &#x647;&#x630;&#x629; &#x627;&#x644;&#x631;&#x633;&#x627;&#x644;&#x629; &#x641;&#x64A; "&#x627;&#x644;&#x635;&#x627;&#x626;&#x628;&#x629; &#x642;&#x62F;&#x64A;&#x645;&#x627; &#x648;&#x62D;&#x62F;&#x64A;&#x62B;&#x627;" &#x648; &#x62A;&#x62A;&#x643;&#x644;&#x645; &#x639;&#x646; &#x645;&#x639;&#x62A;&#x642;&#x62F;&#x627;&#x62A;&#x647;&#x645; &#x627;&#x644;&#x631;&#x648;&#x62D;&#x64A;&#x629;&#x60C;&#x648;&#x641;&#x631;&#x642;&#x647;&#x645; &#x627;&#x644;&#x62F;&#x64A;&#x646;&#x64A;&#x629;&#x60C; &#x648;&#x643;&#x62A;&#x628;&#x647;&#x645; &#x627;&#x644;&#x645;&#x642;&#x62F;&#x633;&#x629;&#x60C; &#x648;&#x639;&#x644;&#x64A; "&#x64A;&#x62D;&#x64A;&#x64A; &#x628;&#x646; &#x632;&#x643;&#x631;&#x64A;&#x627;" &#x627;&#x644;&#x630;&#x64A; &#x64A;&#x646;&#x62A;&#x645;&#x648;&#x646; &#x625;&#x644;&#x64A;&#x647;&#x60C; &#x648;&#x62A;&#x636;&#x645; &#x628;&#x64A;&#x646; &#x62F;&#x641;&#x62A;&#x64A;&#x647;&#x627; &#x623;&#x62F;&#x642; &#x627;&#x644;&#x645;&#x639;&#x644;&#x648;&#x645;&#x627;&#x62A; &#x648;&#x623;&#x635;&#x62F;&#x642;&#x647;&#x627; &#x639;&#x646; &#x637;&#x642;&#x648;&#x633;&#x647;&#x645; &#x627;&#x644;&#x62F;&#x64A;&#x646;&#x64A;&#x629;&#x60C; &#x648;&#x639;&#x627;&#x62F;&#x62A;&#x647;&#x645; &#x627;&#x644;&#x623;&#x62C;&#x62A;&#x645;&#x627;&#x639;&#x64A;&#x629; &#x60C; &#x648;&#x623;&#x639;&#x64A;&#x627;&#x62F;&#x647;&#x645; &#x627;&#x644;&#x642;&#x648;&#x645;&#x64A;&#x629;&#x60C; &#x648;&#x639;&#x62F;&#x62F; &#x646;&#x641;&#x648;&#x633;&#x647;&#x645; &#x648;&#x645;&#x633;&#x627;&#x643;&#x646;&#x647;&#x645;&#x60C; &#x648;&#x635;&#x646;&#x627;&#x639;&#x627;&#x62A;&#x647;&#x645;&#x60C; &#x648;&#x627;&#x644;&#x645;&#x62D;&#x631;&#x645;&#x627;&#x62A; &#x639;&#x646;&#x62F;&#x647;&#x645;.</subfield>
  </datafield>
  <datafield tag="541" ind1=" " ind2=" ">
    <subfield code="a">&#x623;&#x644;&#x641; &#x628;&#x627;&#x621;&#x61B;</subfield>
    <subfield code="c">&#x634;&#x631;&#x627;&#x621;&#x61B;</subfield>
  </datafield>
  <datafield tag="650" ind1=" " ind2=" ">
    <subfield code="a">&#x627;&#x644;&#x635;&#x627;&#x628;&#x626;&#x629;</subfield>
    <subfield code="9">16622</subfield>
  </datafield>
  <datafield tag="650" ind1=" " ind2=" ">
    <subfield code="a">&#x627;&#x644;&#x625;&#x644;&#x62D;&#x627;&#x62F; &#x648;&#x627;&#x644;&#x645;&#x644;&#x62D;&#x62F;&#x648;&#x646;</subfield>
    <subfield code="9">16741</subfield>
  </datafield>
  <datafield tag="650" ind1=" " ind2=" ">
    <subfield code="a">&#x627;&#x644;&#x631;&#x62F;&#x629;</subfield>
    <subfield code="9">16742</subfield>
  </datafield>
  <datafield tag="650" ind1=" " ind2=" ">
    <subfield code="a">&#x627;&#x644;&#x643;&#x641;&#x631;</subfield>
    <subfield code="9">16743</subfield>
  </datafield>
  <datafield tag="650" ind1=" " ind2=" ">
    <subfield code="a">&#x627;&#x644;&#x645;&#x631;&#x62A;&#x62F;&#x648;&#x646;</subfield>
    <subfield code="9">16744</subfield>
  </datafield>
  <datafield tag="942" ind1=" " ind2=" ">
    <subfield code="c">BB</subfield>
    <subfield code="k">249.243 &#x62D; &#x633; &#x646;</subfield>
    <subfield code="2">ddc</subfield>
  </datafield>
  <datafield tag="999" ind1=" " ind2=" ">
    <subfield code="c">7242</subfield>
    <subfield code="d">7242</subfield>
  </datafield>
  <datafield tag="952" ind1=" " ind2=" ">
    <subfield code="0">0</subfield>
    <subfield code="1">0</subfield>
    <subfield code="2">ddc</subfield>
    <subfield code="4">0</subfield>
    <subfield code="7">0</subfield>
    <subfield code="8">Alef-Baa</subfield>
    <subfield code="a">MAIN</subfield>
    <subfield code="b">MAIN</subfield>
    <subfield code="c">LOW</subfield>
    <subfield code="d">2010-07-21</subfield>
    <subfield code="e">purchase</subfield>
    <subfield code="o">249.243 &#x627;&#x644;&#x62D;</subfield>
    <subfield code="p">000008682</subfield>
    <subfield code="r">2025-07-15 00:00:00</subfield>
    <subfield code="y">BB</subfield>
  </datafield>
</record>
